Statistics for Dark Souls 1 Spells

Click here to take the quiz!

General Stats

  • This quiz has been taken 38 times
  • The average score is 35 of 71

Answer Stats

Spell CategoryAnswer% Correct
SorceriesGreat Soul Arrow
100%
SorceriesSoul Arrow
100%
PyromanciesCombustion
88%
PyromanciesFireball
88%
MiraclesGreat Heal
88%
MiraclesHeal
88%
SorceriesHeavy Soul Arrow
88%
PyromanciesGreat Combustion
82%
SorceriesGreat Heavy Soul Arrow
82%
PyromanciesGreat Fireball
76%
SorceriesMagic Weapon
76%
SorceriesSoul Spear
76%
SorceriesCrystal Soul Spear
71%
MiraclesGreat Lightning Spear
71%
SorceriesGreat Magic Weapon
71%
SorceriesHoming Soulmass
71%
MiraclesLightning Spear
71%
SorceriesCrystal Magic Weapon
65%
PyromanciesFire Orb
59%
PyromanciesGreat Chaos Fireball
59%
PyromanciesPoison Mist
59%
PyromanciesToxic Mist
59%
SorceriesFall Control
53%
PyromanciesFire Whip
53%
PyromanciesFlash Sweat
53%
MiraclesForce
53%
SorceriesHush
53%
PyromanciesIron Flesh
53%
SorceriesMagic Shield
53%
PyromanciesPower Within
53%
MiraclesSunlight Blade
53%
MiraclesSunlight Spear
53%
SorceriesAural Decoy
47%
PyromanciesBlack Flame
47%
MiraclesBountiful Sunlight
47%
MiraclesDarkmoon Blade
47%
SorceriesDark Orb
47%
PyromanciesFirestorm
47%
SorceriesHidden Body
47%
SorceriesHidden Weapon
47%
SorceriesHoming Crystal Soulmass
47%
MiraclesWrath of the Gods
47%
SorceriesDark Bead
41%
MiraclesEmit Force
41%
MiraclesHomeward
41%
SorceriesCast Light
35%
SorceriesChameleon
35%
PyromanciesChaos Fire Whip
35%
PyromanciesChaos Storm
35%
SorceriesDark Fog
35%
PyromanciesFire Tempest
35%
MiraclesGreat Heal Excerpt
35%
MiraclesReplenishment
35%
PyromanciesFire Surge
29%
MiraclesGravelord Greatsword Dance
29%
MiraclesGravelord Sword Dance
29%
SorceriesStrong Magic Shield
29%
PyromanciesAcid Surge
24%
SorceriesRemedy
24%
SorceriesRepair
24%
MiraclesSeek Guidance
24%
SorceriesWhite Dragon Breath
24%
SorceriesPursuers
18%
SorceriesResist Curse
18%
MiraclesSoothing Sunlight
18%
MiraclesTranquil Walk of Peace
18%
PyromanciesUndead Rapport
18%
MiraclesVow of Silence
18%
MiraclesGreat Magic Barrier
12%
MiraclesKarmic Justice
12%
MiraclesMagic Barrier
12%

Score Distribution

Percentile by Number Answered

Percent of People with Each Score

Your Score History

You have not taken this quiz